000 00515nam a2200169Ia 4500
008 090711s9999 xx 000 0 und d
082 _b65036
100 _aनिसळ शांता
245 _aस्वर एका स्वराSाा
260 _c1990
300 _a184
600 _aनिसळ शांता
630 _aस्वर एका स्वराSाा
700 _aनिसळ शांता
730 _aस्वर एका स्वराSाा
942 _cBOOK
999 _c299610
_d299610